000 00958nam a2200217Ia 4500
001 912-ATL en (19622)
003 IT-MiSPE
008 171229s9999||||xx |||||||||||||| ||und||
040 _aIT-MiSPE
_cIT-MiSPE
041 _aITALIANO
100 _aAA.VV.
245 0 _aAtlante enciclopedico Touring
_bII. Europa
250 _a1a ed. (v)
260 _aMilano
_bT.C.I.
_c1987
300 _aXI, 180 p.
_c33 cm
501 _aEdizioni San Paolo srl - Piazza Soncino, 5 - 20092 CINISELLO BALSAMO (MI) (non commercial uses only) ® Copyright 2018
520 _aServizio Cartografico del TCI. Cart. geo.
942 _cBK
957 _71
999 _a6029
_bNO
_g Copie: 1
_c355943
_d355943